000 00322 a2200133 4500
000 nam a22 7a 4500
100 _aSingh, Harpal
110 _aSingh, Harpal
245 _aKala Aur Sahayatya
250 _aLatest edition
260 _bNisha publication
_c2024
264 _bNisha publication
_c2024
942 _cBK
999 _c395983
_d395983